Random Knowledge Quiz #3 - Statistics

General Stats
  • This quiz has been taken 356 times
  • The average score is 7 of 15
Answer Stats
Question Answer % Correct
Where are you most likely going if you land at Charles de Gaulle airport? Paris
83%
How many companions are in the Fellowship of the Ring? 9
76%
Name the missing person in this family: Homer, Marge, Bart, Lisa, and...? Maggie
75%
Approximately how many kilometers is 10 miles? 16
69%
Where would you find the highest volcano in the Solar System, Olympus Mons? Mars
69%
What have you done if someone responses "gesundheit"? Sneezed
69%
Who is the Roman equivalent for Zeus? Jupiter
63%
What are Pidgey, Rattata, Ekans, and Jigglypuff? Pokemon
61%
According to a song, DO is a female deer and RE is a drop of golden sun. What is MI? A name I call myself
51%
What is the longest railway in the world? Trans-Siberian railway
43%
What is the biggest cosmetics brand in the world? L'Oréal
35%
What area comprises of 27 European countries that have officially abolished all passport and all other types of border control at their mutual borders? Schengen Area
30%
What is the nickname for the USA presidential state car? The Beast
12%
What fashion trend originated with Anne of Brittany in 1499 and was popularized by Queen Victoria in 1840? White wedding dress
7%
How high is the highest official high-diving platform in competitions? 27 meters
4%
No matching quizzes found
Score Distribution
Percent of People with Each Score
Percentile by Number Answered
Your Score History
You have not taken this quiz